Statistics for Simon Pegg Filmography

Click here to take the quiz!

General Stats

  • This quiz has been taken 66 times
    (25 since last reset)
  • The average score is 44 of 81

Answer Stats

Type Year Name % Correct
Film2013The World's End
100%
Film2004Shaun of the Dead
100%
Film2007Hot Fuzz
100%
Film2009Star Trek
93%
Film2006Mission: Impossible III
86%
Film2013Star Trek Into Darkness
79%
Film2016Star Trek Beyond
71%
Film2018Ready Player One
71%
TV Show1999-2001Spaced
71%
Film2011Paul
71%
Film2015Star Wars: The Force Awakens
71%
Film2011Mission: Impossible - Ghost Protocol
71%
TV Show2005Doctor Who
64%
TV Show2012Star Wars: The Clone Wars
64%
Film2014Hector and the Search for Happiness
64%
Film2010Burke & Hare
64%
Film2015Mission: Impossible - Rogue Nation
64%
Film2021Mission: Impossible 7
64%
Film2018Mission: Impossible - Fallout
64%
Film2015Absolutely Anything
57%
TV Show1996Asylum
57%
Film2020Inheritance
57%
Film2012A Fantastic Fear of Everything
57%
TV Show2012-2014Phineas and Ferb
57%
Film2019Lost Transmissions
57%
Film2018Slaughterhouse Rulez
57%
Film1999Tube Tales
57%
Film2016Ice Age: Collision Course
57%
Film2006Big Nothing
57%
Film2006Free Jimmy
57%
TV Short2005Spider-Plant Man
57%
Film2018Terminal
57%
Film2005Land of the Dead
57%
Film2014Cuban Fury
57%
Film2011The Adventures of Tintin
57%
Film2014The Boxtrolls
57%
Film2015Man Up
57%
TV Show2013Mob City
50%
Film2018The Cloverfield Paradox
50%
TV Film2012Room on the Broom
50%
Web Series2019The Dark Crystal: Age of Resistance
50%
Web Series2019-PresentThe Boys
50%
Video Game2011Spare Parts
50%
Video Game2016Star Wars Battlefront: Bespin
50%
Short Film2011The Death and Return of Superman
50%
Film2014Kill Me Three Times
50%
TV Show1995Six Pairs of Pants
50%
Short Film2011Scrat's Continental Crack-up
50%
TV Film2004Sex & Lies
50%
TV Show1997I'm Alan Partridge
50%
TV Show1998Is It Bill Bailey?
50%
TV Film1998Live from the Lighthouse
50%
TV Show1998-2002Big Train
50%
Film1999Guest House Paradiso
50%
TV Mini-Series1999Hippies
50%
Film2001The Parole Officer
50%
TV Mini-Series2001Band of Brothers
50%
Film200224 Hour Party People
50%
Video Game2010Fable III
50%
Film2009Ice Age: Dawn of the Dinosaurs
50%
Film2007The Good Night
50%
Documentary Series2005Doctor Who Confidential
50%
TV Show1995-1998Faith in the Future
50%
Film2007Diary of the Dead
50%
TV Show2001Brass Eye
43%
TV Show1997We Know Where You Live
43%
Film2008How to Lose Friends & Alienate People
43%
TV Show2000Randall & Hopkirk (Deceased)
43%
Film2005The League of Gentlemen's Apocalypse
43%
TV Show2004Black Books
43%
Film2007Grindhouse
36%
Film2007Run Fatboy Run
36%
TV Show2009Robot Chicken
36%
Film2010The Chronicles of Narnia: The Voyage of the Dawn Treader
36%
TV Show2013Randy Cunningham: 9th Grade Ninja
21%
TV Show2001Dr. Terrible's House of Horrible
14%
TV Show2002Linda Green
14%
TV Show2002, 2005Look Around You
14%
TV Film2003Final Demand
14%
TV Show2004I Am Not an Animal
7%

Score Distribution

Percentile by Number Answered

Percent of People with Each Score

Your Score History

You have not taken this quiz since the last reset